000 00366nam a22001457a 4500
003 OSt
005 20160727222339.0
008 160618b xxu||||| |||| 00| 0 eng d
040 _cTEST
100 _934
_aSandles
245 _aThe Tortoise and the Horse
_bThe Tortoise and the Horse
260 _aLondon
_bApentos
300 _aThe Tortoise and the Horse
942 _2ddc
_cBK
999 _c29
_d29